Management Accounting (Record no. 5282)
[ view plain ]
| 000 -LEADER | |
|---|---|
| fixed length control field | 00488cam a2200193ua 4500 |
| 008 - FIXED-LENGTH DATA ELEMENTS--GENERAL INFORMATION | |
| fixed length control field | 131120n ii |||gr||||Z||||||eng |
| 020 ## - INTERNATIONAL STANDARD BOOK NUMBER | |
| International Standard Book Number | 978-81-272-5260-1 |
| 040 ## - CATALOGING SOURCE | |
| Transcribing agency | MAIN |
| 082 ## - DEWEY DECIMAL CLASSIFICATION NUMBER | |
| Classification number | 658.1511 |
| 245 ## - TITLE STATEMENT | |
| Title | Management Accounting |
| Statement of responsibility, etc. | By S.P. Jain |
| 260 ## - PUBLICATION, DISTRIBUTION, ETC. | |
| Place of publication, distribution, etc. | Ludhiana: |
| Name of publisher, distributor, etc. | Kalyani Publishers, |
| Date of publication, distribution, etc. | 2009. |
| 300 ## - PHYSICAL DESCRIPTION | |
| Extent | x,349p. |
| 700 ## - ADDED ENTRY--PERSONAL NAME | |
| Personal name | Jain,S.P., |
| Relator term | |
| 700 ## - ADDED ENTRY--PERSONAL NAME | |
| Personal name | Narang,K.L., |
| Relator term | |
| 942 ## - ADDED ENTRY ELEMENTS (KOHA) | |
| Koha item type | Books |
| 653 ## - INDEX TERM--UNCONTROLLED | |
| Uncontrolled term | Commerce |
| 653 ## - INDEX TERM--UNCONTROLLED | |
| Uncontrolled term | Management Accounting |
| Withdrawn status | Lost status | Damaged status | Not for loan | Home library | Current library | Shelving location | Date acquired | Total Checkouts | Full call number | Barcode | Date last seen | Date last checked out | Copy number | Price effective from | Koha item type |
|---|---|---|---|---|---|---|---|---|---|---|---|---|---|---|---|
| Central Library, Naharkatiya College | Central Library, Naharkatiya College | General Stacks | 19/09/2020 | 31 | 658.1511 | JAI | 19168 | 19/03/2024 | 12/09/2023 | 4 | 19/09/2020 | Books | ||||
| Central Library, Naharkatiya College | Central Library, Naharkatiya College | General Stacks | 19/09/2020 | 20 | 658.1511 | JAI | 19169 | 21/11/2023 | 03/11/2023 | 3 | 19/09/2020 | Books | ||||
| Central Library, Naharkatiya College | Central Library, Naharkatiya College | General Stacks | 19/09/2020 | 15 | 658.1511 | JAI | 19377 | 21/11/2023 | 14/11/2023 | 1 | 19/09/2020 | Books | ||||
| Central Library, Naharkatiya College | Central Library, Naharkatiya College | General Stacks | 19/09/2020 | 4 | 658.1511 | JAI | 19378 | 19/02/2021 | 03/02/2021 | 2 | 19/09/2020 | Books |
